000 00469nam a2200145Ia 4500
003 OSt
005 20260121121507.0
008 211028s2015 xx 000 0 und d
040 _cAIMIT LIBRARY
041 _aeng
100 _aNoufal, Abdul Hasan; Wright, Rowena.
_g1316002
_97276
245 _aStudy on the factors affecting the buying motives of Hyundai i10 with reference to APCO Hyundai Kasaragod /
260 _aMangalore
_bRowena Wright
_c2015
942 _2ddc
_cPRO
999 _c218846
_d218846